Filozofowie według zdjęcia - Statystyki

Ogólne statystyki
  • Ten quiz został rozwiązany 23 razy
  • Średni wynik to 12 z 20
Statystyki odpowiedzi
Obrazkowy Odpowiedź % Poprawnych
Karol Marks
95%
Karol Wojtyła
95%
Zygmunt Freud
90%
René Descartes
85%
Arthur Schopenhauer
80%
Albert Camus
75%
Fryderyk Nietzsche
75%
Georg Wilhelm Friedrich Hegel
70%
John Locke
65%
Immanuel Kant
60%
Jean-Jacques Rousseau
60%
Jean-Paul Sartre
60%
Baruch Spinoza
50%
Wolter
50%
David Hume
45%
Bertrand Russell
40%
Ayn Rand
35%
Ludwig Wittgenstein
35%
Blaise Pascal
30%
Edmund Husserl
30%
Nie znaleziono quizów pasujących do podanych kryteriów
Rozkład punktacji
Procent ludzi z każdym wynikiem
Percentyl według liczby udzielonych odpowiedzi
Twoja historia wyników
Nie rozwiązałeś tego quizu